000 00503nam a2200169Ia 4500
003 GCL
008 140319s9999 xx 000 0 ara d
040 _aGCL /
_cGCL
082 0 4 _a189
_bزد
100 1 _aزكريا بشير امام
245 1 0 _aدراسات نقدية فى الفلسفة الاسلامية /
_cزكريا بشير امام
260 _a[S.N] :
_bدار الجيل ،
_c1991
300 _a327 ص
490 _a
650 0 4 _aالفلسفة الاسلامية
942 _2ddc
_cBK
999 _c53274
_d53274